000 02482nam a22003617a 4500
001 42835
003 gtgccic
005 20251119105424.0
007 ta
008 251119b gt ||||| |||| 00| 0 spa d
040 _agtgccic
_bspa
_cgtgccic
_erda
084 _0TPI-17-0120
100 1 0 _aLuis Francisco Girón Álvarez
_dIngeniero en Ciencias Navales
_eautor
245 1 0 _aImplementación del análisis de aceite usado, como herramienta de mantenimiento predictivo
_baplicado a las máquinas propulsoras del guardacostas GC-653 Azumanche, del Comando Naval del pacífico /
_cGirón Álvarez, Luis Francisco
264 1 _aGuatemala, Guatemala :
_bUSAC, Facultad de Ingeniería ;
_c2017 .-
300 _axxiii, 88 p. :
_bil. ;
_c27 cm
336 _2rdacontenido
_aTexto
_btxt
337 _2rdamedio
_asin mediación
_bn
338 _2rdasoporte
_avolumen
_bnc
502 _aTesis Postgrado
_bMAESTRO EN ARTES EN INGENIERÍA EN MANTENIMIENTO
_cUSAC, Facultad de Ingeniería, Escuela de Postgrado
_d2017
_oTPI-17-0120
504 _aBibliografía pag. 87
505 _t1. MARCO TEÓRICO (operatividad de los Guardacostas de la Marina)
505 _t2. MÉTODO DE ANÁLISIS APLICADO AL ACEITE DE LAS MÁQUINAS DEL SISTEMA DE PROPULSIÓN DEL GC-653 AZUMANCHE
505 _t3. PRESENTACIÓN DE RESULTADOS DEL ESTADO DE LAS MÁQUINAS PROPULSORAS DEL GC-653 AZUMANCHE
505 _t4. PROPUESTA DE PROTOCOLO DE MANTENIMIENTO BASADO EN ANÁLISIS DE ACEITE USADO, PARA APLICAR A LAS MÁQUINAS PROPULSORAS DEL GC-653 AZUMANCHE
520 _aEl arte de conducirse de un punto a otro sobre el nivel del mar se denomina navegación; término muy importante a nivel internacional pues la economía de la mayoría de los países depende de las importaciones y exportaciones que se realizan, las cuales en su mayaoría son por vía marítima. Guatemala es un país que también basa su economía en las importaciones y exportaciones de productos a través de la vía marítima; para esto cuenta con cuatro puertos de altura. Para garantizar la seguridad de las embarcaciones tanto mercantes, pesqueras, de recreación y artesanales, se hace necesaria la presencia de la Marina de la Defensa Nacional, mediante el uso de sus embarcaciones, para ello se hace necesario el perfecto estado de las mismas.
650 _aACEITE
650 _aMÁQUINAS PROPULSORAS
650 _aBASE NAVAL
700 _aM.Sc. Luis Fernando Guillén Fernández
_easesor
942 _2ddc
_cTPS
945 _aamlo
999 _c2534
_d2534